La mineria (Record no. 164239)

MARC details
000 -LEADER
campo de control de longitud fija 00765nam a22001815i 4500
001 - NÚMERO DE CONTROL
campo de control 164239
003 - IDENTIFICADOR DE NÚMERO DE CONTROL
campo de control ES-MaACL
005 - FECHA Y HORA DE LA ÚLTIMA TRANSACCIÓN
campo de control 20230906212910.0
008 - DATOS DE LONGITUD FIJA--INFORMACIÓN GENERAL
campo de control de longitud fija 990629s1875 sp |||| | spa d
040 ## - FUENTE DE CATALOGACIÓN
Centro catalogador/agencia de origen CCPB | B
Lengua de catalogación spa
Centro/agencia transcriptor CCPB | B
100 1# - ENTRADA PRINCIPAL--NOMBRE DE PERSONA
Nombre de persona Sabau y Dumas, Tomás.
9 (RLIN) 132254
245 13 - MENCIÓN DEL TÍTULO
Título La mineria
Resto del título : la ley del Ramo y la necesidad de su reforma /
Mención de responsabilidad, etc. por Tomás Sabau y Dumas.
260 ## - PUBLICACIÓN, DISTRIBUCIÓN, ETC.
Lugar de publicación, distribución, etc. Madrid :
Nombre del editor, distribuidor, etc. [s.n.],
Fecha de publicación, distribución, etc. 1875 (
Fabricante Establecimiento tip. de Enrique Vicente)
300 ## - DESCRIPCIÓN FÍSICA
Extensión 2 v. (152 ; 53 p.) ;
Dimensiones 23 cm.
510 4# - NOTA DE CITAS O REFERENCIAS BIBLIOGRÁFICAS
Nombre de la fuente PALAU,
Localización dentro de la fuente 283807
650 ## - PUNTO DE ACCESO ADICIONAL DE MATERIA--TÉRMINO DE MATERIA
Término de materia o nombre geográfico como elemento de entrada Minas-
Subdivisión general Derecho y legislación-
Subdivisión geográfica España.
9 (RLIN) 175982
852 ## - LOCALIZACIÓN
Ubicación ES-MaACL
Número de control de estantería T-906-F-5
Nota libre -- Enc. hol. conservando la cub. original
-- -- Dedic. ms. del autor a Federico Botella
condición física -- Contiene unicamente las 152 p.
Holdings
Estatus retirado Estado de pérdida Estado de daño No para préstamo Colección Biblioteca de origen Biblioteca actual Ubicación en estantería Fecha de adquisición Total de préstamos Signatura topográfica completa Código de barras Visto por última vez Precio de reemplazo Tipo de ítem Koha
        Colección de folletos Biblioteca del Ateneo de Madrid Biblioteca del Ateneo de Madrid Depósito folletos 17/01/2008   T-906-F-5 1172140 23/02/2023 23/02/2023 Folleto